000 00315nam a2200133Ia 4500
100 _aKumbhojkar / G.V
942 _cBK
654 _amathematics IV
245 _aApplied Mathematics IV (Computer and IT)
260 _bPearson Education
_aMumbai
_c2007
082 _a519/KUM
_bKUM
546 _aENGLISH
999 _c22137
_d22137